000 01007nam a2200289Ia 4500
003 IN-BaIIA
008 211028s9999 xx 000 0 eng d
020 _a3-540-523 08-1
040 _cIIA Library
080 _a049.1:52
_b89-49B
245 0 _aAstronomy and Astrophysics abstracts
_bvol. 49A, 1989, pt.1
_cedited by G. Burkhardt…[ et al.]
260 _aBerlin
_bSpringer-Verlag
_c1990
300 _aviii, 641-1423p.
650 _aAbstracts-Astronomy and Astrophysics
_96051
650 _aAstronomy and Astrophysics Abstracts
_96052
650 _aAstronomy and Astrophysics Thesaurus
700 _aBurkhardt G., ed.
_916551
700 _aHefele, H., ed.
_912355
700 _aHeinrich, I., ed.
_912356
700 _aHofmann, W., ed.
_912357
700 _aKrahn, D., ed.
_96056
700 _aMatas, V R., ed.
_915488
700 _aSchmadel, L D., ed.
_915489
700 _aWielen, R., ed.
_916552
700 _aZech, G., ed.
_916352
942 _cBK
999 _c9776
_d9776